01091nam a2200145Ia 4500008004100000020001900041050002500060100003800085245005500123250001900178260003900197300002500236505065700261650002700918120626s2014 mx 001 0 spa d a9786071509390  4aHF5686.C8 bG37 20141 aGarcía Colín, Juane , autor 10aContabilidad de costos c / Juan García Colín  a4a. edición  aMéxicob : McGraw Hill c , 2014 a xvi, 320 páginas 0 aIntroducción a la contabilidad de costos Costo de producción : tratamiento contable y estado de costos de producción y ventas Elementos del costo de producción Materia prima y mano de obra Cargos indirectos Determinación y control de los costos de producción Sistemas de información de costos Sistema de información de costos por procesos con costeo absorbente y costos históricos Costo de productos conjuntos Planeación, control y toma de decisiones Costos estándar Costo directo Separación de costos fijos y costos variables Análisis costo-volumen-utilidad Administración de inventarios Empresas de servicio 4aCONTABILIDAD DE COSTOS